| 000 | 01156pam a2200337 a 4500 | ||
|---|---|---|---|
| 001 | 2024 | ||
| 003 | FISKH | ||
| 005 | 20250731144125.0 | ||
| 008 | 891103s1990 ilua j 000 0 eng | ||
| 010 | _a 89025434 | ||
| 020 | _a0516020617 (lib. bdg.) | ||
| 020 | _a9780516245386 | ||
| 040 |
_aDLC _cDLC _dDLC _beng |
||
| 042 | _alcac | ||
| 050 | 0 | 0 |
_aPE1449 _b.L76 1990 |
| 082 | 0 | 0 |
_a428.1 _220 |
| 100 | 1 | _aLunn, Carolyn. | |
| 245 | 1 | 2 |
_aA buzz is part of a bee / _cby Carolyn Lunn ; illustrations by Tom Dunnington ; prepared under the direction of Robert Hillerich. |
| 260 |
_aNew York : _bScholastic, _c1990. |
||
| 300 |
_a31 pages : _bcolor illustrations ; _c18 cm |
||
| 440 | 2 | _aA Rookie reader | |
| 505 | _aC | ||
| 520 | _aEnumerates a series of words and the greater things of which they are a part, such as leaf and tree, elbow and arm, candle and cake, and tail and kite. | ||
| 521 | 8 |
_a150
_bLexile |
|
| 521 | 8 |
_aC
_bRaz-Plus |
|
| 650 | 0 |
_aVocabulary _xJuvenile literature. |
|
| 650 | 1 | _aVocabulary. | |
| 700 | 1 |
_aDunnington, Tom, _eillustrator |
|
| 906 |
_a7 _bcbc _corignew _d1 _eocip _f19 _gy-gencatlg |
||
| 942 |
_2ddc _cBK _n0 |
||
| 999 |
_c2024 _d2024 |
||